[Event "Turnier 40 / 120"]
[Site "Wien"]
[Date "2023.02.21"]
[Round "47"]
[White "Pewatronic Masterchess SH7034 - 24 MHZ"]
[Black "Novag Star Diamond H8 - 25 MHZ"]
[Result "0-1"]
[BlackElo "2160"]
[WhiteElo "2150"]

{Analyse ---> Komodo 13.02.} 1. e4 c6 2. c4 d5 3. cxd5 cxd5 4. exd5 Nf6 5.
Nc3 Nxd5 6. d4 e6 7. Nf3 Be7 8. Bb5+ Bd7 9. Bxd7+ Qxd7 10. Ne5 Nxc3 11.
bxc3 {Buchende} Qd5 12. O-O {Buchbewertung Pewatronic Masterchess: -0,1}
Nc6 {Buchende} 13. Re1 Nxe5 {Buchbewertung Novag Star Diamond: 0,00 /
Komodo sieht es ebenso} 14. Rxe5 Qc6 15. Rb1 O-O 16. Qd3 Rac8 17. Rh5 h6
18. Bxh6 Qxc3 19. Qxc3 Rxc3 20. Be3 Rfc8 21. Rhb5 b6 22. d5 exd5 23. Rxd5
Bc5 24. Bf4 {nicht ideal, nach Lxc5 wäre die Stellung im Lot gewesen, nach
dem Textzug ist Schwarz etwas im Vorteil, Komodo +0,60 mit der Fortsetzung
Tc2} Rc2 25. Rd2 Rxd2 26. Bxd2 Ba3 27. Rb3 Be7 28. Re3 Bg5 29. f4? {ein
schlechter Zug, danach ist Weiss bereits auf verlorenem Posten, deutlich
besser ist Tc3, Komodo -1,40} Bxf4 30. Rc3 {besser ist noch Td3, nach dem
Textzug ist die Partie bereits klar verloren, Komodo -1,80} Rxc3 31. Bxc3
f6 32. g3 Be5 33. Bxe5??? {also dieser Zug darf doch einfach nicht wahr
sein, einfach indiskutabel, danach beende ich sofort die Partie, das schaue
ich mir nicht mehr an, Userentscheid: 0-1} 0-1
[/pgn]
[pgn]

[Event "Turnier 40/120"]
[Site "Wien"]
[Date "2021.05.03"]
[Round "48"]
[White "Novag Star Diamond H8 - 25 MHZ"]
[Black "Pewatronic Masterchess SH7034 - 24 MHZ"]
[Result "1-0"]
[BlackElo "2150"]
[WhiteElo "2160"]

{Analyse ----> Komodo 13.02.} 1. e4 e6 2. d4 d5 3. Nd2 c5 4. exd5 exd5 5.
Ngf3 Nc6 6. Bb5 Bd6 {Buchende} 7. dxc5 Bxc5 {Buchbewertung Pewatronic:
-0,4} 8. O-O Ne7 9. Nb3 Bd6 {Buchzug / Buchende} 10. Re1 O-O 11. Bg5
{Buchende / auch diese Eröffnung gab es im Match gegen Novag Diamond II und
endet mit einem Remis} Re8 12. Qd2 {Buchbewertung Novag Star Diamond: +0,42
/ lt. Komodo steht Weiss knapp besser mit ca. +0,30} Qc7 13. Bxe7 Rxe7 14.
Qxd5 Rxe1+ {ein schlechter Zug, danach steht Weiss bereits klar besser,
Komodo -1,00, nötig war Se5 mit Ausgleich} 15. Rxe1 Bg4 16. Nbd2 {hier
weicht die Partie ab von jener gegen Novag Diamond II, Star Diamond macht
es besser als sein Vorgänger und behält hier den Vorteil mit +1,00, Diamond
II zog damals den unverständlichen Zug, Sfd4 ?, der den H-Bauern abschenkte
und den gesamten Vorteil verspielte.} Nb4 17. Qe4 a6?? {ein Verlustzug,
danach ist die Partie bereits verloren, Komodo -1,80, deutlich besser ist
Lh5 mit ca. -1,00} 18. Qxg4 axb5 19. Ne4 Bf8??? {ein absoluter Verlustzug,
danach ist alles vorbei, Komodo -5,00 mit der Fortsetzung Sf6+, Kh8, Sxh7
und das war es, nötig war Le7, aber gut, das muss ein Oldie aber auch erst
mal sehen, so leicht ist das nicht} 20. c3? {naja, es war nicht zu
erwarten, dass Star Diamond das erkennt, aber hier nur ein Fragezeichen,
denn wie gesagt, das ist schon eine harte Nuss, dennoch steht Weiss
natürlich klar auf Gewinn, Komodo +1,80 (obwohl der Textzug natürlich ca.
3,2 Bauerneinheiten verspielt)} Nd5 21. a3 Re8 22. Qf5 Rd8 {nicht ideal,
besser ist Td1, aber Weiss steht trotzdem noch klar auf Gewinn, Komodo
+1,40} 23. Nd4 g6 24. Nf6+? {weniger gut, deutlich besser ist Df3, nach dem
Textzug ist Weiss "nur" noch mit ca. +1,00 im Vorteil} Nxf6 25. Qxf6 Rd5???
{das begräbt natürlich alle Hoffnungen von Schwarz, danach ist die Partie
sofort verloren, Komodo -2,20, nötig war natürlich das mehr als
Offensichtliche Lg7, nach Te8 ist der Läufer angehängt und Schwarz hat
praktisch gar nichts mehr, damit ist der Untergang nur noch eine Frage der
Zeit} 26. Re8 {na klar, was sonst, nicht zu fassen, dieser Zug überrascht
Pewatronic Masterchess !!!} Qd7 27. Rb8 Rd6 28. Qe5 Rd5 29. Qe8 Qxe8 30.
Rxe8 Kg7 31. Kf1? {ein schlechter Zug, der den Vorteil von Weiss reduziert,
dennoch sollte es noch zum Gewinn reichen, Komodo +1,30, deutlich besser
ist b4} b4 32. axb4 Bxb4 33. Ke2 Rd7 34. f4 Bd6 35. Kf3 f5 36. Rc8 h6 37.
Nb5 Be7 38. Ke3 Kf7 39. Nd4 Bf6 40. Rb8 Rc7?? {ein Verlustzug, danach ist
die Partie wieder klar verloren, Komodo -2,30 mit der Fortsetzung Sb5,
nötig war Ld8} 41. Nb5! Re7+ 42. Kd3? {ein schlechter Zug, der den Vorteil
von Weiss wieder reduziert, büsst eine ganze Bauerneinheit ein, Komodo
+1,30, deutlich besser ist Kf3} Rd7+ 43. Nd4 Be7 44. Rc8 Bd8 45. g3 g5 46.
Ke3 {deutlich vorzuziehen ist Tc5} Kg6 47. Ra8 {ein schwacher Zug immer
noch war Tc5 angesagt, Komodo +1,00} g4??? {ein grottenschlechter Zug,
danach ist die Partie wieder klar verloren, Komodo -2,00, nötig war Lf6}
48. Kd3 {auch nicht das Gelbe vom Ei, deutlich besser ist Ta3, Komodo
+1,50} Kf6? {ganz schlecht, verschlimmert die Lage extrem, Komodo -2,40,
deutlich besser ist noch h5} 49. Rc8? {deutlich schwächer als Ta4, Komodo
+1,60} Be7 50. Rh8 Kg7 51. Ra8 Bd8 52. Rc8 Be7 53. Kc4 Kf6 54. Rh8 Kg6 55.
Ra8 Rc7+ 56. Kb3 {klar schwächer als Kd5} Rc5 57. Rg8+ Kf6 58. Rh8 Kg6 59.
Ra8 Kf6 60. c4 Rc7 {die Stellung ist klar verloren für Schwarz, Komodo
-3,30} 61. Kc3 Rd7 62. Ra5 Bb4+ 63. Kxb4 Rxd4 64. Rd5 Rxd5 {es ist zwar an
dieser Stelle schon egal, aber dieser Zug ist exakt das gleiche Schema, wie
in der Vorrunde der Zug Lxe5, einfach hinrissig anders kann man das nicht
nennen, Komodo -18,00 !!!, büsst ganze 15 Bauerneinheiten !!! ein,
Indiskutabel, daher: Userentscheid: 1-0} 1-0
[/pgn]
[pgn]

[Event "Turnier 40 / 120"]
[Site "Wien "]
[Date "2023.02.22"]
[Round "49"]
[White "Pewatronic Masterchess SH7034 - 24 MHZ"]
[Black "Novag Star Diamond H8 - 25 MHZ"]
[Result "0-1"]
[BlackElo "2160"]
[WhiteElo "2150"]

{Analyse ----> Komodo 13.02.} 1. e4 c5 2. Nf3 d6 3. d4 cxd4 4. Nxd4 Nf6 5.
Nc3 a6 6. Bg5 e6 7. f4 Be7 8. Qf3 Qc7 9. O-O-O Nbd7 10. Bd3 {Buchende} h6
11. Bh4 {Buchbewertung Pewatronic Masterchess: +0,5} g5 12. fxg5 Ne5
{Buchende} 13. Qg3 Nh5 {Buchbewertung Novag Star Diamond: +0,53 / lt.
Komodo ist die Stellung etwa gleich} 14. Qf2 {nicht ideal besser ist De3,
Komodo -0,50} hxg5 15. Bg3 b5 16. Bxe5 dxe5 17. Nb3 Bb7 18. Rhf1 Nf4 19. g3
Nxd3+ {Novag Star Diamond sieht sich hier schon als klarer Sieger: +1,65 !!
/ lt. Komodo ist die Stellung im Lot 0,00} 20. Rxd3 {Pewatronic sieht sich
ebenfalls etwas im Vorteil: +0,6} O-O 21. Rfd1 Rad8 22. Rxd8 Rxd8 23. Rf1
Bb4 24. Qe3 Qe7 25. h4 gxh4? {ein schwacher Zug, Komodo -1,00, nötig war a5
mit Ausgleich} 26. gxh4 Qxh4 {weniger gut, besser ist f6, Komodo -1,60} 27.
Qg1+?? {ein ganz schlechter Zug, der den gesamten Vorteil abgibt, die
Stellung ist im Lot, nötig war Sc5} Kf8 28. Nc5 {ja da kann man nur sagen,
warum nicht gleich ?, jetzt bringt das keinen Vorteil mehr, dennoch auch an
dieser Stelle noch die beste Fortsetzung} Bc8? {ein schlechter Zug, danach
ist Weiss wieder klar im Vorteil, Komodo -1,30 mit der Fortsetzung a3,
nötig war De7} 29. Nd3 {schwächer als a3, aber Weiss bleibt im Vorteil,
Komodo +1,00} Qh6+ {besser ist De7, Komodo -1,30} 30. Kb1 Bd6 31. Qb6 Ke8
32. Nc5?? {ein ganz schlechter Zug, der wieder den gesamten Vorteil
verschenkt, nötig war a3 mit klarem Vorteil mit ca. +1,30, nach dem Textzug
ist die Stellung wieder im Lot} b4! {stark gespielt, die beste Fortsetzung,
Komodo 0,00} 33. Qxb4 Qh3 34. Rd1 Qe3 35. Qa4+ Ke7 36. Nb3 Qb6 37. Na5 Bd7
38. Nc4 Bxa4 39. Nxb6 Bb5 40. Nxb5??? {ein absoluter Verlustzug, danach ist
die Partie sofort verloren, Komodo -1,70, also was Pewatronic in dieser
Staffel speziell im Endspiel leistet ist einfach eine Katastrophe, anders
kann man das nicht sagen, und damit kassiert er die nächste unnötige
Niederlage, einfach indiskutabel !!!, nötig war natürlich a4 mit Ausgleich,
Star Diamond hatte den richtigen Zug a4 vorgeschlagen} axb5 41. a4 {ja da
kann man wieder nur sagen, warum nicht gleich, das rettet jetzt nichts
mehr} Bc5 42. Rxd8 Kxd8 43. a5 Kc7 44. c3 Bxb6 45. axb6+ Kxb6 46. Kc2 f5???
{ein Megabock, der den Sieg verschenkt, lt. Komodo ist Schwarz noch mit ca.
+1,20 im Vorteil, lt. Stockfish 15, verschenkt Schwarz damit ganze 5
Bauerneinheiten !! und bereits den Sieg, danach ist es bereits Remis mit
der Fortsetzung b3, gewonnen hätte natürlich Kc5} 47. b3! Kc5 48. Kd3 f4
49. b4+ Kc6 50. Ke2 Kc7 51. Kd2 Kd7 52. Ke2 Ke8 53. Kd3??? {ein Verlustzug,
der das Remis wegwirft, danach ist die Partie verloren, Komodo -2,00, nötig
ist natürlich das mehr als Offensichtliche Kf3 mit dem Plan Kg4 und der
schwarze König kommt nicht durch am Königsflügel, also was Pewatronic hier
spielt ist einfach ein Horror} Kf7 54. Kc2 Kf6 55. Kd3??? {unglaublich und
nun auch das noch, was für ein idiotischer Zug, danach kann ja c4 nicht
mehr gespielt werden, da ja bxc4+ mit Schach ist und ein Tempo kostet,
daher kommt Weiss zu keiner Dame mehr, damit ist einfach alles aus, Komodo
Matt in 21 !!!} Kg5 56. Ke2 Kg4 {Rest geschenkt} 0-1
[/pgn]
[pgn]

[Event "Turnier 40 / 120"]
[Site "Wien"]
[Date "2023.02.23"]
[Round "50"]
[White "Novag Star Diamond H8 - 25 MHZ"]
[Black "Pewatronic Masterchess SH7034 - 24 MHZ"]
[Result "0-1"]
[BlackElo "2150"]
[WhiteElo "2160"]

{Analyse ----> Komodo 13.02.} 1. e4 e5 2. Nf3 Nc6 3. Bb5 a6 4. Ba4 Nf6 5.
O-O Be7 6. Re1 b5 7. Bb3 d6 8. c3 O-O 9. h3 Nb8 10. d4 Nbd7 11. Nbd2 Bb7
12. Bc2 Re8 13. b4 {Buchende} Bf8 {Buchende} 14. Bb3 {Buchbewertung Novag
Star Diamond: +0,19} exd4 {Buchbewetung Pewatronic Masterchess: +0,4 lt.
Komodo ist die Stellung exakt gleich 0,00} 15. cxd4 c5 16. bxc5 dxc5 17. e5
{besser ist Sg5} Nd5 18. Bxd5? {ein schwacher Zug, danach steht Schwarz
klar besser, Komodo -1,00, deutlich besser ist Se4} Bxd5 19. Ne4 Be7 20.
Bf4 {eine bessere Alternative ist dxc5, Weiss sollte den Vorstoss c4
verhindern, danach hat natürlich Schwarz einen weit vorgerückten, gedeckten
Freibauern, Komodo -1,20} c4! {na klar} 21. Qe2 b4 22. Qc2 {auch nicht
ideal besser ist noch Sfd2, die Stellung ist praktisch schon verloren,
Komodo -2,00} Nf8 23. Rad1 Ne6 24. Bc1 {ein ganz schlechter Zug, danach ist
nichts mehr zu retten für Weiss, Komodo -3,00 mit der Fortsetzung c3,
deutlich mehr Widerstand leistet noch Lg3 mit ca. -2,00} Rc8 {deutlich
besser ist c3, aber auch nach dem Textzug steht Schwarz klar auf Gewinn,
Komodo +2,30} 25. Qa4? {deutlich schwächer als h4, Komodo -3,60} Bc6? {klar
schwächer als c3, aber ausreichend, Komodo +2,80} 26. Qc2 Qd7 {immer noch
ist c3 die bessere Wahl, Komodo +1,80} 27. Nc5? {ein schlechter Zug, der
die Lage deutlich verschlimmert, Komodo -3,00, deutlich besser ist d5} Bxc5
28. dxc5 Ba4 29. Rxd7 Bxc2 30. c6 Rxc6 31. Rb7 a5! {stark gespielt, klar
besser als b3, Komodo +3,50} 32. Be3 h6? {weitaus schwächer als c3, Komodo
+2,60} 33. Rc1 Be4 {besser ist Lg6, Komodo +2,20} 34. Nd2 Bd3 35. Ra7 Rec8
36. Rxa5 Kf8? {ein schwacher Zug, deutlich besser ist c3, Komodo +1,50} 37.
Rd1? {ebenfalls ganz schlecht, weit besser ist f4, Komodo -2,20} b3!
{richtig} 38. axb3 cxb3 39. Ra3 Bc2 40. Rf1 b2 41. Ra2 Rb8 42. Nb1 g5 43.
Ra5 Nf4 44. Kh2 Nd3 45. g3 Bb3 46. Rh1 Rc1 47. e6 Bxe6 48. Bd2 Rbc8 49. Na3
Rxh1+ 50. Kxh1 Rc2 51. Be3 Rc3 52. Ra8+ {aufgegeben} 0-1
[/pgn]